Capital Location: Asia Quiz Stats

Quiz Updated Oct 18, 2015

Challenge
Share
Tweet
Score 0/26 Timer 07:00
3 Plays Today
% Correct
B is Moscow
82%
B is Bangkok
78.6%
B is Jerusalem
77.7%
A is Baghdad
76.8%
A is Beijing
76.1%
C is New Delhi
75.5%
B is Tokyo
74.5%
D is Pyongyang
71.3%
C is Jakarta
67.7%
D is Kuala Lumpur
66.6%
B is Manila
65.4%
A is Tehran
63.7%
B is Astana
62.3%
% Correct
D is Hanoi
62.1%
A is Riyadh
59.6%
D is Kabul
58.2%
C is Beirut
56.2%
C is Seoul
52.6%
D is Amman
48.5%
D is Islamabad
47.3%
B is Damascus
41.4%
C is Kathmandu
38.1%
A is Doha
35%
C is Abu Dhabi
31.5%
A is Tashkent
28.3%
A is Bishkek
16.3%

You're not logged in!

Compare scores with friends on all Sporcle quizzes.
Sign Up with Email
OR
Log In

You Might Also Like...

Show Comments

Extras

Top Quizzes Today


Score Distribution

Your Account Isn't Verified!

In order to create a playlist on Sporcle, you need to verify the email address you used during registration. Go to your Sporcle Settings to finish the process.